| 000 | 00980cab a2200289 4500 | ||
|---|---|---|---|
| 001 | ABS56461 | ||
| 008 | 090401t1997 xxu||||| |||| 00| 0 eng d | ||
| 035 | _a(Sirsi) u23782 | ||
| 041 | _aeng | ||
| 100 | _aFineberg, A. | ||
| 245 | _aNew life in market towns | ||
| 260 | _c1997 | ||
| 350 | _a0 | ||
| 490 |
_aPlanning (for the Natural and Built Environment) _v(1200) 10 January 1997, 10(1) |
||
| 520 | _aReviews the new market towns and sustainable development programme, being administered by the Civic Trust Regeneration Unit, which seeks to build on priorities set out in the Rural white paper. | ||
| 650 | _aLIBERAL DEMOCRAT PARTY | ||
| 650 | _aMARKET TOWNS | ||
| 650 | _aRURAL DEVELOPMENT AREA | ||
| 650 | _aRURAL DEVELOPMENT PROGRAMMES | ||
| 650 | _aRURAL ECONOMY | ||
| 650 | _aRURLA DEVELOPMENT COMMISSION | ||
| 650 | _aSUSTAINABLE DEVELOPMENT | ||
| 690 | _aPROPERTY-PROPERTY DEVELOPMENT | ||
| 700 | _aSalter, M. | ||
| 942 | _n0 | ||
| 948 | _c04/03/1997 | ||
| 999 |
_c15922 _d15922 |
||